| 000 | 00601nam a2200181 i 4500 | ||
|---|---|---|---|
| 001 | 40671 | ||
| 003 | ES-MaACL | ||
| 005 | 20231229063006.0 | ||
| 007 | t| | ||
| 008 | 030306s1949 sp ||||1| spa d | ||
| 100 | 1 |
_aCarrero Blanco, Luis, _d1904-1973 _935700 |
|
| 245 | 1 | 3 |
_aLa gran baza soviética _b: comentarios de un español: (cuarta serie) / _cpor Juan de la Cosa (seud.). |
| 260 |
_aValencia : _b[s.n., _c1949] ( _fSemana Gráfica) |
||
| 300 |
_a194 p. ; _c21 cm. |
||
| 650 |
_aRelaciones internacionales. _916783 |
||
| 852 |
_aES-MaACL _jB-1959 _bR.29008 |
||
| 999 |
_c40671 _d40671 |
||